000 00696nam a2200241Ia 4500
003 IN-BaIIA
008 211028s9999 xx 000 0 eng d
020 _a0-12-774811-3
040 _cIIA Library
080 _a535
_bYU
100 _aYu, F. T. S
_926182
245 0 _aIntroduction to information optics
_cF.T.S. Yu, S. Jutamulia and S. Yin
260 _aNew York
_bAcademic Press
_c2001
300 _axiv, 734p.
650 _aEntropy Information
_926183
650 _aOptical Storage
_918212
650 _aOptical Switching
_926184
650 _aOpticalNetworking
_926185
650 _aSignal Processing
_93537
700 _aJutamulia, S
_926186
700 _aYin, S
_926187
942 _cBK
999 _c14670
_d14670